000 00642nam a2200241Ia 4500
003 OSt
005 20221005092659.0
006 a|||||r|||| 00| 0
007 ta
008 221004b |||||||| |||| 00| 0 eng d
024 _a60832
037 _cTextual
040 _aCRL
_cCRL
_beng
041 _2eng
_aeng
082 _aB28, K1
100 _aSpiegel Murray R
245 0 _aSchaum's outline of theory and problems of statistics
260 _aNew York
_bSchaum Publishing Company
_c1961
300 _a359p.
_ccm.
650 _aMATHEMATICS
942 _hB28, K1
_cTEXL
_2cc
999 _c999187
_d999187